Statistiche per Ricostruisci la Carriera del Calciatore - Milan Škriniar

Clicka qui per fare il quiz!

Statistiche generali

  • Questo quiz è stato fatto 8 volte
  • Il punteggio medio è 5 su 6

Statistiche sulle risposte

HintRisposta% Corretto
2017-2023 Inter
100%
2023- Paris Saint-Germain
100%
2016-2017 Sampdoria
88%
2013ViOn Z.M.
88%
2012-2013 Žilina
88%
2013-2016 Žilina
38%

Distribuzione punteggi

Percentile per numero di risposta

Percentuale di utenti per punteggio

I tuoi punteggi nel tempo

Non hai fatto questo quiz